000 00333nam a22001337a 4500
008 171002b xxu||||| |||| 00| 0 eng d
020 _a9780205337729
041 _aeng
080 _24 ED
_a159.9
100 _a48
101 _aPSI
245 _aEVALUATING RESEARCH COMMUNICATIVE DISORDERS
_cSCHIAVETTI.N
942 _2udc
_cBK
999 _c31242
_d31242